01727nam a2200373 i 450000100060000000300080000600500170001400600190003100700150005000800410006502000290010602000290013503500220016404000310018605000210021708000140023808200160025210000240026824500690029226400290036130000580039033600310044833700330047933800430051250503920055558800830094759001620103065000200119265000160121265500270122879700180125585600630127399900170133667348FINmELB20241217142811.0m o u cr cn|||||||||220805s2016 sp a o 000 0 spa d a9788441537798q(digital) z9788441537408q(impreso) a(OCoLC)1342052460 aFINmELBbspaerdacFINmELB 4aR601b.Z446 2016 a615.814.104a610.9512231 aZheng, Liu,eautor.10aMedicina china tradicional :b[vivir sin enfermar] /cLiu Zheng. 1aMadrid :bOberon,c2016. a1 recurso en línea (276 páginas) :bilustraciones atextobtxt2rdacontent/spa acomputadorabc2rdamedia/spa arecurso en líneabcr2rdacarrier/spa0 a1. Medicina china tradicional, regreso al futuro. 2. Medicina en versión china. 3. Madera, flexible como el bambú. 4. Fuego, chispa de la vida. 5. Tierra, en el término medio está el quid de la cuestión. 6. Metal, el respiro que mueve el mundo. 7. Agua, el origen de la vida. 8. No nos lo enseñaron en la escuela: instrucción de uso del cuerpo humano. 9. La edad del cielo. aDescripción basada en metadatos suministrados por el editor y otras fuentes. aRecurso electrónico. Santa Fe, Arg.: elibro, 2022. Disponible vía World Wide Web. El acceso puede estar limitado para las bibliotecas afiliadas a elibro. 4aMedicina china. 4aAcupuntura. 4aLibros electrónicos.2 aelibro, Corp.40uhttps://elibro.net/ereader/politecnicointernacional/217136 c67348d67348